000 00816cab a2200241 4500
001 WB3241-19
008 090401t1996 xxu||||| |||| 00| 0 eng d
035 _a(Sirsi) u39833
041 _aeng
245 _aPFI clauses scaled back
260 _c1996
350 _a0
490 _aContract Journal
_v386(6098) 24 October 1996, 2(1)
520 _aThe publication of a smaller than expected list of `good practice` clauses for PFI contracts by the Private Finance Panel, means that contractors may face higher legal bills for drafting their own contracts.
650 _aCONTRACT CLAUSES
650 _aGOOD PRACTICE
650 _aPFI
650 _aPRIVATE FINANCE INITIATIVE
650 _aPRIVATE FINANCE PANEL
690 _aPROPERTY-PROPERTY FINANCE AND INVESTMENT
942 _n0
948 _c04/03/1997
999 _c25496
_d25496